Sapo é sapo (Registo nº 4364)

Detalhes MARC
000 -Etiqueta do registo
Cabeçalho 00738nam0a2200265 4500
005 - Identificador da versão
Campo de controlo 20240813122059.0
010 ## - Número internacional normalizado dos livros (ISBN)
Número (ISBN) 9722113062
021 ## - Número do Depósito Legal
Código do país PT
Número 144924/99
100 ## - Dados gerais de processamento
Dados gerais de processamento 20170310d2004 c y0pory5003 ba
102 ## - Pais de publicação ou produção
País de publicação Portugal
101 1# - Língua de publicação
Língua do texto, banda sonora, etc. Português
Língua do documento no original Inglês
215 ## - Descrição física 
Indicação específica da natureza do documento e extensão da espécie [28] p.
Outras indicações físicas il. color
200 1# - Titulo e menção de responsabilidade
Título próprio Sapo é sapo
Primeira menção de responsabilidade Max Velthuijs
Outras menções de responsabilidade trad. Ana Moniz
225 1# - Colecção 
Título próprio da colecção Livros do arco-íris
205 ## - Menção da edição
Menção da edição 2ª ed
210 ## - Publicação, Distribuição, etc. 
Lugar da edição, distribuição, etc. Lisboa
Nome do editor, distribuidor, etc. Caminho
Data da publicação, distribuição, etc. [2004]
Data da impressão imp. 2004
606 ## - Nome comum usado como assunto
Número de registo de entrada de autoridade 0001619
Palavra de ordem Literatura holandesa
Subdivisão de assunto Conto
Código do sistema CA
675 ## - Classificação Decimal Universal (CDU)
Notação 821.112.5-34
Edição 3ª ed.
Língua da edição por
702 #1 - Nome de autor-pessoa física (responsabilidade secundária)
Número de registo de entrada de autoridade 0000905
Palavra de ordem Moniz
Outra parte do nome não tomada para palavra de ordem Ana
Código de função Tradutor
700 #1 - Nome de autor-pessoa física (responsabilidade principal)
Número de registo de entrada de autoridade 0001742
Palavra de ordem Velthuijs
Outra parte do nome não tomada para palavra de ordem Max
Datas 1923-2005
966 ## - Identificação da Biblioteca
Sigla EBVEN
942 ## - Elementos de entrada adicionados (Koha)
Tipo de item no Koha Livro
Exemplares
Situação do levantamento Origin of item (home branch) (coded) Biblioteca de empréstimo Código de barras Cota Circulation type (not for loan) Tipo de documento Nota do exemplar Damaged status
  Biblioteca Escolar das Vendas Biblioteca Escolar das Vendas BEV1755 8EST VEL   Livro Sem mensagem